Sot︠s︡ialisticheskai︠a︡ infrastruktura v vosproizvodstvennom prot︠s︡esse /
Saved in:
| Main Author: | |
|---|---|
| Format: | Book |
| Language: | Russian |
| Published: |
Moskva :
Ėkonomika,
1984.
|
| Subjects: | |
| Tags: |
Add Tag
No Tags, Be the first to tag this record!
|
| LEADER | 00927nam a2200253 a 4500 | ||
|---|---|---|---|
| 001 | 002098159-7 | ||
| 005 | 20020606093309.7 | ||
| 008 | 850913s1984 ru b 001 0 ruso | ||
| 010 | |a 85140274 | ||
| 020 | |c 1.10rub | ||
| 035 | 0 | |a ocm12665597 | |
| 040 | |a DLC |c DLC |d m/c |d HLS | ||
| 043 | |a e-ur--- | ||
| 050 | 0 | |a HC340.C3 |b N67 1984 | |
| 100 | 1 | |a Nosova, S. S. |q (Svetlana Sergeevna) | |
| 245 | 1 | 0 | |a Sot︠s︡ialisticheskai︠a︡ infrastruktura v vosproizvodstvennom prot︠s︡esse / |c S.S. Nosova. |
| 260 | |a Moskva : |b Ėkonomika, |c 1984. | ||
| 300 | |a 155, [5] p. ; |c 20 cm. | ||
| 500 | |a Includes indexes. | ||
| 504 | |a Bibliography: p. 145-[156] | ||
| 650 | 0 | |a Infrastructure (Economics) |z Soviet Union. | |
| 776 | 0 | 8 | |i Online version: |a Nosova, S.S. (Svetlana Sergeevna). |t Sot͡sialisticheskai͡a infrastruktura v vosproizvodstvennom prot͡sesse. |d Moskva : Ėkonomika, 1984 |w (OCoLC)567853578 |
| 988 | |a 20020608 | ||
| 906 | |0 DLC | ||


